000 00882cam a2200205 4500
001 X103596
008 000000n2000 000 0 eng u
035 _a(Sirsi) u103596
245 _aDanae Air Transport Societe Anonyme v Air Canada
260 _c2000
490 _aNew Property Cases
_v [1999] NPC 108
520 _aArbitration agreement provided that the decision should not be appealed. Arbitrators made fundamental mathematical error in assessing costs. Matter remitted to arbitrators for reconsideration. TAKEN FROM JOURNAL HEADNOTE. NOT PHOTOCOPYING ALLOWED.
650 _aDANAE AIR TRANSPORT SOCIETE ANOYME V AIR CANADA
650 _aARBITRATION ACT 1996
650 _aARBITRATION ACT 1950
650 _aARBITRATION ACT 1979
650 _aERROR
690 _aMANGEMENT-DISPUTE AVOIDANCE, MANAGEMENT AND RESOLUTION-DISPUTE MANAGEMENT AND RESOLUTION
942 _n0
999 _c62230
_d62230